[Event "3rd 4NCL Easter Congress"]
[Site "Mercure Daventry Court Hotel"]
[Date "2023.04.08"]
[Round "3"]
[Board "5"]
[White "Pitts, Daniel"]
[Black "Borissow, Magnus"]
[Result "0-1"]
[WhiteElo "1496"]
[BlackElo "1582"]
[PlyCount "102"]
[EventDate "2023.04.07"]
[EventRounds "7"]
[EventCountry "ENG"]

1. e4 c5 2. c3 Nf6 3. e5 Nd5 4. Bc4 Nb6 5. Bb3 Nc6 6. Nf3 d6 7. exd6 Qxd6 8. h3 Bf5
9. Na3 Bd3 10. Ng1 c4 11. Bc2 Qe5+ 12. Ne2 e6 13. Kf1 Bxa3 14. bxa3 Rd8 15. Bxd3
Rxd3 16. Ng3 O-O 17. Qe2 Qf6 18. Ne4 Qe7 19. f3 Rfd8 20. Nf2 R3d5 21. g3 Ne5 22.
Kg2 Nd3 23. Ng4 Nxc1 24. Qe3 Rxd2+ 25. Nf2 Nd3 26. Qxd2 Qxa3 27. Qc2 Nxf2 28. Kxf2
Nd5 29. Rhd1 Qc5+ 30. Ke2 Qe3+ 31. Kf1 Qxf3+ 32. Kg1 Qxg3+ 33. Qg2 Qxg2+ 34. Kxg2
Ne3+ 35. Kf3 Rxd1 36. Rxd1 Nxd1 37. Kf4 Nxc3 38. a3 Nd5+ 39. Ke4 c3 40. Kd3 g5 41.
a4 h5 42. a5 g4 43. a6 bxa6 44. hxg4 hxg4 45. Ke2 g3 46. Kf3 c2 47. Kxg3 c1=Q 48.
Kg4 Qf4+ 49. Kh3 Qg5 50. Kh2 Nf4 51. Kh1 Qg2#  0-1

[Event "3rd 4NCL Easter Congress"]
[Site "Mercure Daventry Court Hotel"]
[Date "2023.04.08"]
[Round "3"]
[Board "6"]
[White "Karangad, Mohit Kamal"]
[Black "Johnson, Richard J"]
[Result "1-0"]
[WhiteElo "1645"]
[BlackElo "1874"]
[PlyCount "48"]
[EventDate "2023.04.07"]
[EventRounds "7"]
[EventCountry "ENG"]

1. d4 d6 2. c4 g6 3. Nc3 Bg7 4. e4 Nc6 5. d5 Nd4 6. Be3 c5 7. Nge2 Qb6 8. Nxd4 cxd4
9. Na4 Qa5+ 10. Bd2 Qc7 11. b4 Nf6 12. Bd3 O-O 13. Rc1 Nd7 14. f4 f5 15. exf5 gxf5
16. O-O Nf6 17. Re1 Rf7 18. Qf3 Bd7 19. Nb2 Ne4 20. Bxe4 fxe4 21. Rxe4 Bf5 22. Ree1
Qd7 23. h3 e6 24. g4 e5  1-0

[Event "3rd 4NCL Easter Congress"]
[Site "Mercure Daventry Court Hotel"]
[Date "2023.04.08"]
[Round "3"]
[Board "7"]
[White "Ganguly, Aryaman"]
[Black "Stephenson, David W"]
[Result "0-1"]
[WhiteElo "1255"]
[BlackElo "1799"]
[PlyCount "140"]
[EventDate "2023.04.07"]
[EventRounds "7"]
[EventCountry "ENG"]

1. e4 e6 2. d4 d5 3. e5 c5 4. c3 Nc6 5. Nf3 Bd7 6. a3 f6 7. Bf4 fxe5 8. Nxe5 Nxe5
9. Bxe5 Nf6 10. b4 cxd4 11. cxd4 Be7 12. Nc3 O-O 13. Bd3 Rc8 14. Rc1 a5 15. Na2 Rxc1
16. Qxc1 axb4 17. Nxb4 Ng4 18. Bg3 Qb6 19. Qd2 Kh8 20. Be2 Nf6 21. O-O Ne4 22. Qb2
Rc8 23. Rc1 Rxc1+ 24. Qxc1 Nxg3 25. hxg3 g6 26. Qf4 Kg7 27. Qd2 Bf6 28. Nc2 Qb2 29.
Bd1 Ba4 30. Qb4 Qxb4 31. axb4 Kf7 32. Kf1 Bxd4 33. Nxd4 Bxd1 34. Ke1 Ba4 35. Kd2
e5 36. Nf3 Kf6 37. Ke3 Bc6 38. Ne1 d4+ 39. Kd3 Bd5 40. f4 b5 41. Nc2 Bc4+ 42. Ke4
exf4 43. Nxd4 fxg3 44. Kf4 Bd3 45. Nf3 h6 46. Kxg3 Ke6 47. Kf4 Kd5 48. g3 Bb1 49.
Nd2 Bc2 50. Nf1 g5+ 51. Kf3 Bg6 52. Ne3+ Kd4 53. Kf2 Kc3 54. Nd5+ Kc4 55. Ne7 Bh7
56. Nc6 Be4 57. Na7 Bb7 58. Ke3 Kxb4 59. Kd4 Ka5 60. Kc5 b4 61. Nb5 b3 62. Nc3 b2
63. Kc4 Be4 64. Kd4 Bf5 65. Ke5 b1=Q 66. Nxb1 Bxb1 67. Kf6 g4 68. Kg7 Be4 69. Kxh6
Kb5 70. Kg5 Bf3  0-1

[Event "3rd 4NCL Easter Congress"]
[Site "Mercure Daventry Court Hotel"]
[Date "2023.04.08"]
[Round "3"]
[Board "8"]
[White "Ganguly, Anshuman"]
[Black "Obi, Okwose Marc"]
[Result "1/2-1/2"]
[WhiteElo "1472"]
[BlackElo "1772"]
[PlyCount "133"]
[EventDate "2023.04.07"]
[EventRounds "7"]
[EventCountry "ENG"]

1. e4 c5 2. Nf3 a6 3. a3 b5 4. d4 cxd4 5. Nxd4 e5 6. Nf3 Nc6 7. Bd3 Bc5 8. O-O h6
9. a4 b4 10. Nbd2 Nf6 11. Nc4 d6 12. Be3 Bxe3 13. Nxe3 O-O 14. Nh4 g6 15. Nf3 Be6
16. Nd2 a5 17. Kh1 Rc8 18. f4 exf4 19. Rxf4 Ne5 20. Rf1 Nxd3 21. cxd3 d5 22. Qf3
d4 23. Nec4 Nd7 24. Qf4 Kg7 25. Qd6 Nc5 26. Qe5+ Kh7 27. Rf3 f6 28. Qd6 Qxd6 29.
Nxd6 Rc6 30. N6c4 Bxc4 31. Nxc4 Ra8 32. h3 Kg7 33. g4 Nxd3 34. Nxa5 Rc1+ 35. Rxc1
Nxc1 36. Nc6 d3 37. Rf1 d2 38. Rd1 Nb3 39. Nxb4 Rxa4 40. Nd5 Ra2 41. Kg1 Rxb2 42.
Kf2 Rc2 43. Ne3 Rc1 44. Ke2 Kf7 45. Nd5 Ke6 46. Nf4+ Ke5 47. Nd3+ Kxe4 48. Rxd2 Nxd2
49. Nxc1 Nf3 50. Kf2 Ng5 51. Kg3 Ke3 52. Nb3 Ne4+ 53. Kg2 Kf4 54. Nd4 f5 55. gxf5
gxf5 56. Ne6+ Ke3 57. Ng7 f4 58. Nf5+ Ke2 59. Nd4+ Kd3 60. Nf5 Ng5 61. h4 Ke4 62.
hxg5 hxg5 63. Nh6 f3+ 64. Kg3 Ke3 65. Ng4+ Ke2 66. Nf2 Ke3 67. Ng4+  1/2-1/2

[Event "3rd 4NCL Easter Congress"]
[Site "Mercure Daventry Court Hotel"]
[Date "2023.04.08"]
[Round "3"]
[Board "9"]
[White "Hall, James"]
[Black "Han, Qixiang"]
[Result "1/2-1/2"]
[WhiteElo "1719"]
[BlackElo "1365"]
[PlyCount "105"]
[EventDate "2023.04.07"]
[EventRounds "7"]
[EventCountry "ENG"]

1. d4 Nf6 2. Nc3 d5 3. e4 Nxe4 4. Nxe4 dxe4 5. Be3 Bf5 6. g4 Bg6 7. Ne2 e6 8. h4
h6 9. h5 Bh7 10. Qd2 Be7 11. O-O-O c6 12. a3 Nd7 13. Nc3 Nb6 14. Bg2 Nc4 15. Qe2
b5 16. Bxe4 Bxe4 17. Nxe4 Qa5 18. Nc5 Rb8 19. Bf4 Rc8 20. Rh3 Qb6 21. Nxe6 fxe6 22.
Qxe6 Qd8 23. d5 Qd7 24. Qg6+ Kf8 25. Rf3 Bf6 26. g5 hxg5 27. Bxg5 Qf7 28. Qf5 Bxb2+
29. Kb1 Qxf5 30. Rxf5+ Kg8 31. d6 Bf6 32. Bxf6 gxf6 33. d7 Rd8 34. Rxf6 Ne5 35. Re6
Nf7 36. Rxc6 Rxh5 37. Rc7 a5 38. Ra7 b4 39. axb4 axb4 40. Rb7 Rh4 41. Ka2 Rf4 42.
Rd2 Ra8+ 43. Kb3 Ra3+ 44. Kb2 Ra8 45. Kb3 Ra3+ 46. Kb2 Ra8 47. Rc7 Rd8 48. Kb3 Kf8
49. Re2 Nd6 50. Re6 Rd4 51. f4 Kf7 52. Rh6 Nf5 53. Rb6  1/2-1/2

[Event "3rd 4NCL Easter Congress"]
[Site "Mercure Daventry Court Hotel"]
[Date "2023.04.08"]
[Round "3"]
[Board "10"]
[White "Lewis, Evan"]
[Black "Vaidyanathan, Adithya"]
[Result "0-1"]
[WhiteElo "1622"]
[BlackElo "1387"]
[PlyCount "80"]
[EventDate "2023.04.07"]
[EventRounds "7"]
[EventCountry "ENG"]

1. d4 d5 2. c4 e6 3. Nc3 Nf6 4. cxd5 exd5 5. Bg5 Be7 6. e3 Be6 7. Bd3 h6 8. Bh4 Nbd7
9. Nge2 c5 10. Nf4 Bg4 11. f3 Bh5 12. Nxh5 Nxh5 13. Bxe7 Qxe7 14. O-O Qxe3+ 15. Kh1
O-O 16. Nxd5 Qxd4 17. Rc1 Kh8 18. Nc7 Rac8 19. Rc4 Qxb2 20. Nd5 Qe5 21. Be4 b5 22.
f4 Nxf4 23. Nxf4 bxc4 24. Bb1 Rfd8 25. Qc2 Nf8 26. h4 Rd4 27. g3 g5 28. hxg5 Qxg5
29. Kh2 Rcd8 30. Rf2 Qg7 31. Qf5 Rd2 32. Rxd2 Rxd2+ 33. Kh3 f6 34. g4 Qg5 35. Qc8
Kg8 36. Qb8 Qe5 37. Bh7+ Kxh7 38. Qxf8 Qe3+ 39. Kh4 Rh2+ 40. Nh3 Rxh3#  0-1

[Event "3rd 4NCL Easter Congress"]
[Site "Mercure Daventry Court Hotel"]
[Date "2023.04.08"]
[Round "3"]
[Board "11"]
[White "Pyun, Lindsay"]
[Black "Han, Qixuan"]
[Result "1/2-1/2"]
[WhiteElo "1544"]
[BlackElo "1330"]
[PlyCount "40"]
[EventDate "2023.04.07"]
[EventRounds "7"]
[EventCountry "ENG"]

1. e4 c5 2. Nf3 d6 3. d4 cxd4 4. Nxd4 Nf6 5. Nc3 g6 6. Be3 Nc6 7. f3 h5 8. Qd2 Nxd4
9. Bxd4 Bh6 10. Be3 Bxe3 11. Qxe3 Be6 12. Bd3 Qa5 13. O-O Qc5 14. Qxc5 dxc5 15. Bb5+
Kf8 16. e5 Nd7 17. Ne4 Rc8 18. Ng5 Bf5 19. Rfe1 Nb6 20. e6 c4  1/2-1/2

[Event "3rd 4NCL Easter Congress"]
[Site "Mercure Daventry Court Hotel"]
[Date "2023.04.08"]
[Round "3"]
[Board "12"]
[White "Neatherway, A Philip"]
[Black "Wheeler, Tim"]
[Result "0-1"]
[WhiteElo "1797"]
[BlackElo "1597"]
[PlyCount "65"]
[EventDate "2023.04.07"]
[EventRounds "7"]
[EventCountry "ENG"]

1. e4 c5 2. Nf3 e6 3. d4 cxd4 4. Nxd4 a6 5. Nc3 Qc7 6. Be3 Bb4 7. Qd2 Nf6 8. f3 d5
9. e5 Qxe5 10. a3 Bc5 11. O-O-O O-O 12. f4 Qc7 13. Be2 b5 14. Bf3 Bd7 15. g4 b4 16.
axb4 Bxb4 17. g5 Ne4 18. Bxe4 dxe4 19. Rhe1 Nc6 20. Nxc6 Bxc6 21. Bd4 Qa5 22. Kb1
Rab8 23. Be5 Rbc8 24. Re3 Bd5 25. Qe1 Rfd8 26. Rd4 Rd7 27. Qh4 Rxc3 28. bxc3 Bxc3
29. Rxc3 Qxc3 30. Ra4 Rb7+ 31. Kc1 Qe3+ 32. Kd1 Rb6 33. Ra1  0-1

[Event "3rd 4NCL Easter Congress"]
[Site "Mercure Daventry Court Hotel"]
[Date "2023.04.08"]
[Round "3"]
[Board "13"]
[White "Dos Santos Silva, Bruno Alexandre"]
[Black "Morrish, John"]
[Result "1-0"]
[WhiteElo "1631"]
[BlackElo "1828"]
[PlyCount "47"]
[EventDate "2023.04.07"]
[EventRounds "7"]
[EventCountry "ENG"]

1. d4 Nf6 2. Bg5 e6 3. e4 Be7 4. e5 Nd5 5. Bxe7 Nxe7 6. Bd3 Ng6 7. Qd2 f5 8. Nc3
Nc6 9. Nf3 Nh4 10. Rg1 a6 11. O-O-O Nb4 12. Be2 Ng6 13. d5 exd5 14. Nxd5 Nxd5 15.
Qxd5 Nf4 16. Qd2 Nxe2+ 17. Qxe2 O-O 18. Qc4+ Kh8 19. e6 b5 20. Qd5 Rb8 21. Rge1 Bb7
22. e7 Bxd5 23. exd8=Q Rbxd8 24. Rxd5  1-0

[Event "3rd 4NCL Easter Congress"]
[Site "Mercure Daventry Court Hotel"]
[Date "2023.04.08"]
[Round "3"]
[Board "14"]
[White "Chan, Michelle Ngo Yu"]
[Black "Butterworth, Paul"]
[Result "1-0"]
[WhiteElo "1586"]
[BlackElo "1798"]
[PlyCount "115"]
[EventDate "2023.04.07"]
[EventRounds "7"]
[EventCountry "ENG"]

1. e4 c5 2. Nf3 e6 3. d4 cxd4 4. Nxd4 a6 5. Bd3 Bc5 6. Nb3 Be7 7. Qg4 g6 8. Qe2 d6
9. O-O Nc6 10. a4 b6 11. Na3 Nf6 12. Bh6 Bb7 13. a5 Ne5 14. f3 Nfd7 15. f4 Nxd3 16.
Qxd3 d5 17. exd5 Bxd5 18. Bg7 Nc5 19. Nxc5 Bxc5+ 20. Kh1 Rg8 21. Be5 f6 22. Bc3 b5
23. Nxb5 Qd7 24. Na3 Qc6 25. Qe2 Kf7 26. Nc4 Rab8 27. Nd2 Kg7 28. Rae1 Rge8 29. Ne4
Bxe4 30. Qxe4 Qxe4 31. Rxe4 Rb5 32. Rfe1 Kf7 33. g4 h6 34. g5 hxg5 35. fxg5 f5 36.
Rh4 Ke7 37. Rh7+ Kd6 38. Rg7 e5 39. Rxg6+ Kd5 40. Rxa6 Bb4 41. Bxb4 Rxb4 42. Rb6
Re4 43. Rb5+ Kc4 44. Rxe4+ fxe4 45. Rb3 Kd4 46. Kg2 Rf8 47. Ra3 e3 48. Ra4+ Kd5 49.
Ra1 Ke4 50. Re1 Rf2+ 51. Kg1 Rxc2 52. a6 Rxb2 53. Ra1 Kf3 54. a7 Rg2+ 55. Kh1 Kf2
56. Ra2+ e2 57. Rxe2+ Kf1 58. Rxg2  1-0

[Event "3rd 4NCL Easter Congress"]
[Site "Mercure Daventry Court Hotel"]
[Date "2023.04.08"]
[Round "3"]
[Board "15"]
[White "Nilsson, Adam"]
[Black "Siu, Kam Wa"]
[Result "0-1"]
[WhiteElo "1618"]
[BlackElo "1642"]
[PlyCount "56"]
[EventDate "2023.04.07"]
[EventRounds "7"]
[EventCountry "ENG"]

1. Nf3 d5 2. c4 d4 3. e3 c5 4. exd4 cxd4 5. d3 Nc6 6. g3 e5 7. Bg2 Bb4+ 8. Bd2 Nf6
9. Bxb4 Nxb4 10. Qa4+ Nc6 11. Nxe5 O-O 12. Nxc6 Qe8+ 13. Kd1 Bg4+ 14. Kc2 bxc6 15.
Bxc6 Qe2+ 16. Nd2 Rab8 17. f3 Bf5 18. Be4 Bxe4 19. dxe4 d3+ 20. Kc3 Rfd8 21. Qd1
Qe3 22. Qg1 Qg5 23. b4 Qe5+ 24. Kb3 Nd7 25. Rc1 Nc5+ 26. Ka3 Rxb4 27. Kxb4 Rb8+ 28.
Ka5 Nb3+  0-1

[Event "3rd 4NCL Easter Congress"]
[Site "Mercure Daventry Court Hotel"]
[Date "2023.04.08"]
[Round "3"]
[Board "16"]
[White "Anderson, Thomas R"]
[Black "Gunarathne, Senith"]
[Result "1-0"]
[WhiteElo "1865"]
[BlackElo "1491"]
[PlyCount "161"]
[EventDate "2023.04.07"]
[EventRounds "7"]
[EventCountry "ENG"]

1. d4 Nf6 2. c4 g6 3. Nc3 Bg7 4. e4 d6 5. Be2 Nbd7 6. Bg5 h6 7. Be3 e5 8. d5 O-O
9. Qd2 Kh7 10. h4 Nb6 11. f3 Nh5 12. g4 Ng3 13. Rh3 Nxe2 14. Qxe2 f5 15. h5 f4 16.
hxg6+ Kxg6 17. Bf2 Bf6 18. O-O-O Bg5 19. Kb1 Rh8 20. c5 Nd7 21. cxd6 cxd6 22. Nb5
Nb6 23. Rc1 Rh7 24. Rh1 a6 25. Na3 Rc7 26. Nh3 Rxc1+ 27. Rxc1 Bh4 28. Nc4 Bxf2 29.
Nxf2 Na4 30. Nd3 b5 31. Na3 Bd7 32. Qd2 Rc8 33. Rxc8 Bxc8 34. Qc1 Bd7 35. b3 Nb6
36. Nb4 Kg7 37. Nc6 Qh4 38. Qg1 Qg3 39. Qxb6 Qxf3 40. Qc7 Qxe4+ 41. Nc2 Qxd5 42.
Qxd7+ Kh8 43. Ne7 Qf7 44. Qxd6 f3 45. Qxe5+ Kh7 46. Qf5+ Kg7 47. Qxf7+ Kxf7 48. Nf5
Kg6 49. Nce3 Kg5 50. Kc2 h5 51. gxh5 Kxh5 52. Kd2 Kg5 53. Nd4 Kf4 54. Nf1 Ke4 55.
Nc6 Kf4 56. b4 Ke4 57. Nb8 Kd4 58. Nxa6 Kc4 59. Ne3+ Kd4 60. Nc7 f2 61. Nxb5+ Ke4
62. Ke2 Ke5 63. Kxf2 Ke6 64. Ke2 Kd7 65. Kd3 Kc6 66. Kc4 Kb6 67. Nc3 Ka6 68. a4 Kb6
69. Ne4 Ka6 70. Nc5+ Kb6 71. a5+ Ka7 72. b5 Ka8 73. Kd5 Ka7 74. Ne4 Kb7 75. Kc5 Ka7
76. Kc6 Kb8 77. Nd5 Ka7 78. Nc5 Kb8 79. Nd7+ Ka8 80. Nc7+ Ka7 81. b6#  1-0

[Event "3rd 4NCL Easter Congress"]
[Site "Mercure Daventry Court Hotel"]
[Date "2023.04.08"]
[Round "3"]
[Board "17"]
[White "Jenkins, Theo"]
[Black "Willow, Hambel M"]
[Result "1/2-1/2"]
[WhiteElo "1479"]
[BlackElo "1625"]
[PlyCount "167"]
[EventDate "2023.04.07"]
[EventRounds "7"]
[EventCountry "ENG"]

1. e4 c6 2. Nc3 d5 3. Nf3 Bg4 4. h3 Bxf3 5. Qxf3 e6 6. d4 Nd7 7. Bd3 dxe4 8. Nxe4
Ngf6 9. O-O h6 10. c3 Nxe4 11. Bxe4 Nf6 12. Bc2 Nd5 13. Re1 Qd7 14. a4 Bd6 15. a5
a6 16. Bd2 O-O-O 17. c4 Nf6 18. Bc3 Bb8 19. b4 Qc7 20. g3 h5 21. b5 cxb5 22. cxb5
Nd5 23. Be4 axb5 24. Rec1 Qd7 25. Bd2+ Bc7 26. a6 bxa6 27. Rxa6 Kb7 28. Rac6 Qxc6
29. Rxc6 Kxc6 30. Qxf7 Rhe8 31. Qxh5 Rb8 32. Qg4 Bd6 33. Bg6 Re7 34. Bg5 Nf6 35.
Qf3+ Kd7 36. Qb3 b4 37. Qa4+ Kd8 38. Qa5+ Bc7 39. Qc5 b3 40. Bxf6 gxf6 41. d5 b2
42. Bb1 exd5 43. Qxd5+ Rd7 44. Qg8+ Ke7 45. Qg7+ Ke6 46. Ba2+ Rd5 47. Qxc7 b1=Q+
48. Bxb1 Rxb1+ 49. Kg2 Rdd1 50. Qc4+ Ke7 51. Qe4+ Kf7 52. Qh7+ Ke6 53. Qg8+ Ke7 54.
Qg7+ Ke6 55. Qg8+ Ke7 56. h4 Rg1+ 57. Kf3 Rgc1 58. h5 Rc3+ 59. Kg2 Rb2 60. Qg7+ Ke6
61. Qg4+ Ke7 62. h6 Rcc2 63. h7 Rxf2+ 64. Kg1 Rg2+ 65. Kf1 Rh2 66. Qg7+ Ke6 67. Qg4+
Ke7 68. Qe4+ Kf7 69. Qd5+ Ke7 70. Qc5+ Kf7 71. Qc4+ Ke7 72. Qc7+ Ke6 73. Qc4+ Ke7
74. Qe4+ Kf7 75. Kg1 Rbg2+ 76. Qxg2 Rxg2+ 77. Kxg2 Kg7 78. h8=Q+ Kxh8 79. Kf3 Kg7
80. Kf4 Kh6 81. Kf5 Kh5 82. g4+ Kh4 83. Kf4 Kh3 84. Ke4  1/2-1/2

[Event "3rd 4NCL Easter Congress"]
[Site "Mercure Daventry Court Hotel"]
[Date "2023.04.08"]
[Round "3"]
[Board "18"]
[White "Bryant, Richard BE"]
[Black "Holyhead, James"]
[Result "1-0"]
[WhiteElo "1850"]
[BlackElo "1410"]
[PlyCount "69"]
[EventDate "2023.04.07"]
[EventRounds "7"]
[EventCountry "ENG"]

1. d4 d5 2. c4 c6 3. Nc3 Nf6 4. Bg5 a6 5. e3 dxc4 6. Bxc4 b5 7. Bb3 e6 8. Qf3 Be7
9. Rc1 Qa5 10. Bxf6 Bxf6 11. Nge2 O-O 12. O-O Bb7 13. Bc2 Qd8 14. Ne4 Be7 15. Qh3
g6 16. f4 Nd7 17. Rfd1 Qb6 18. Ng5 Bxg5 19. fxg5 c5 20. Kh1 f5 21. Bb1 cxd4 22. Rxd4
Ne5 23. Qg3 Nc6 24. Rd6 Rfe8 25. Nd4 Rac8 26. Rd1 e5 27. Nxf5 Rcd8 28. Nh6+ Kg7 29.
Rd7+ Rxd7 30. Rxd7+ Kh8 31. Ng4 Rd8 32. Qf2 Ne7 33. Rxd8+ Qxd8 34. Qf6+ Kg8 35. Nh6#
 1-0

[Event "3rd 4NCL Easter Congress"]
[Site "Mercure Daventry Court Hotel"]
[Date "2023.04.08"]
[Round "3"]
[Board "19"]
[White "Acharya, Kandara"]
[Black "Baxter, Martin"]
[Result "1-0"]
[WhiteElo "1558"]
[BlackElo "1766"]
[PlyCount "99"]
[EventDate "2023.04.07"]
[EventRounds "7"]
[EventCountry "ENG"]

1. c4 Nf6 2. Nc3 d5 3. cxd5 Nxd5 4. Nf3 c5 5. g3 Nc6 6. Bg2 e5 7. O-O Nxc3 8. dxc3
Be7 9. Qxd8+ Bxd8 10. Be3 Be7 11. Ng5 O-O 12. Rfd1 Rd8 13. Bd5 Bxg5 14. Bxg5 Re8
15. Be3 e4 16. Bxc5 Bg4 17. f3 exf3 18. exf3 Be6 19. Bxe6 Rxe6 20. Kf1 b6 21. Bf2
Ne5 22. f4 Ng4 23. Bg1 h5 24. h3 Nf6 25. Bf2 Ne4 26. Rd7 Nf6 27. Rd4 Rae8 28. Rad1
Re2 29. R1d2 R2e7 30. Rd8 Ne4 31. Rxe8+ Rxe8 32. Rd5 Nf6 33. Rd3 g6 34. Bd4 Ne4 35.
Kg2 Nd6 36. Kf3 Nf5 37. Bf6 Ne7 38. Bxe7 Rxe7 39. g4 hxg4+ 40. hxg4 Kg7 41. g5 f5
42. c4 Kf7 43. b4 Rc7 44. Rc3 Ke6 45. Ke3 a6 46. Rc2 b5 47. c5 Kd5 48. c6 Rxc6 49.
Rxc6 Kxc6 50. Kd4  1-0

[Event "3rd 4NCL Easter Congress"]
[Site "Mercure Daventry Court Hotel"]
[Date "2023.04.09"]
[Round "4"]
[Board "1"]
[White "Borissow, Magnus"]
[Black "Raju, Sooraj Menothuparambil"]
[Result "1/2-1/2"]
[WhiteElo "1582"]
[BlackElo "1758"]
[PlyCount "84"]
[EventDate "2023.04.07"]
[EventRounds "7"]
[EventCountry "ENG"]

1. Nf3 g6 2. g3 Bg7 3. d4 f5 4. b3 c5 5. Bb2 cxd4 6. Bxd4 Nf6 7. Bg2 Nc6 8. Bb2 Qa5+
9. Qd2 Qc7 10. O-O O-O 11. c4 Ne4 12. Qc1 Bxb2 13. Qxb2 Rb8 14. Nc3 Nxc3 15. Qxc3
a6 16. Rac1 b5 17. Nd4 b4 18. Qd2 Bb7 19. Nxc6 Bxc6 20. Rfd1 f4 21. Bd5+ Kg7 22.
Qd4+ Rf6 23. g4 g5 24. h4 h6 25. h5 Bxd5 26. Qxd5 d6 27. c5 Rb5 28. Qa8 Rxc5 29.
Rxc5 Qxc5 30. Qxa6 Qc2 31. Qd3 Qxa2 32. Rc1 Qb2 33. Rc8 Qa1+ 34. Kg2 Qe5 35. Qf3
Re6 36. Qa8 Qe4+ 37. Qxe4 Rxe4 38. Kf3 d5 39. Rc6 e6 40. Rc7+ Kg8 41. Rc8+ Kf7 42.
Rc7+ Kg8  1/2-1/2

[Event "3rd 4NCL Easter Congress"]
[Site "Mercure Daventry Court Hotel"]
[Date "2023.04.09"]
[Round "4"]
[Board "2"]
[White "Royle, Alex"]
[Black "Jackson, Gary C"]
[Result "0-1"]
[WhiteElo "1573"]
[BlackElo "1773"]
[PlyCount "107"]
[EventDate "2023.04.07"]
[EventRounds "7"]
[EventCountry "ENG"]

1. d4 d5 2. Nf3 c6 3. Bf4 Bf5 4. e3 e6 5. c4 Bxb1 6. Qxb1 Bb4+ 7. Nd2 Bxd2+ 8. Kxd2
Nf6 9. Bd3 O-O 10. Ke2 h6 11. h3 Nbd7 12. cxd5 Nxd5 13. Bg3 Re8 14. Rd1 Qg5 15. Qc1
e5 16. dxe5 Nxe5 17. Bxe5 Qxe5 18. Bc4 Nb6 19. Bb3 Qh2 20. Qc3 Rad8 21. Rh1 Qc7 22.
Rad1 Rxd1 23. Kxd1 Qd6+ 24. Ke2 Qg6 25. g3 Rd8 26. Bc2 Qh5+ 27. f3 Nd5 28. Qd4 Qg5
29. Rg1 Re8 30. e4 Nb6 31. b3 Qa5 32. Qb2 Nd5 33. a3 Nc3+ 34. Kf2 Qc5+ 35. Kg2 Rd8
36. Bd3 Rxd3 37. Qf2 Qxf2+ 38. Kxf2 Nb5 39. Rb1 Nd4 40. f4 Rxb3 41. Rxb3 Nxb3 42.
Ke3 Kf8 43. Kd3 b6 44. Kc4 Nc5 45. e5 Ke7 46. f5 Ne4 47. g4 Nf2 48. a4 Nxh3 49. a5
Nf2 50. a6 Nxg4 51. Kd4 h5 52. Ke4 Nf2+ 53. Kf4 Nd3+ 54. Ke4  0-1

[Event "3rd 4NCL Easter Congress"]
[Site "Mercure Daventry Court Hotel"]
[Date "2023.04.09"]
[Round "4"]
[Board "3"]
[White "Stephenson, David W"]
[Black "Karangad, Mohit Kamal"]
[Result "0-1"]
[WhiteElo "1799"]
[BlackElo "1645"]
[PlyCount "96"]
[EventDate "2023.04.07"]
[EventRounds "7"]
[EventCountry "ENG"]

1. d4 Nf6 2. Bf4 g6 3. Nf3 Bg7 4. c3 d6 5. Nbd2 Nbd7 6. e4 O-O 7. h3 e5 8. dxe5 dxe5
9. Be3 b6 10. Qc2 Qe7 11. Bd3 Bb7 12. O-O a5 13. a4 Nc5 14. Bxc5 Qxc5 15. Rfd1 Rad8
16. Nb3 Qe7 17. Qe2 Nh5 18. Bc4 Nf4 19. Qc2 Kh8 20. Kh2 f5 21. Nbd2 Qc5 22. Rf1 Bh6
23. b4 Qe7 24. bxa5 bxa5 25. Rab1 Ba8 26. Rb5 c5 27. Re1 Nxg2 28. Kxg2 Bxd2 29. Re2
Bxe4 30. Rxe4 fxe4 31. Qxe4 Bxc3 32. Rb6 Rf4 33. Qc6 Rdf8 34. Rb7 Qf6 35. Qxf6+ R8xf6
36. Rb8+ Kg7 37. Rb7+ Rf7 38. Bxf7 Rxf7 39. Rb5 Rc7 40. Ng5 Rc6 41. Rb7+ Kf8 42.
Rxh7 Bd4 43. Kg3 c4 44. Rf7+ Ke8 45. Rb7 c3 46. Rb8+ Kd7 47. Rb1 c2 48. Rb7+ Rc7
 0-1

[Event "3rd 4NCL Easter Congress"]
[Site "Mercure Daventry Court Hotel"]
[Date "2023.04.09"]
[Round "4"]
[Board "4"]
[White "Brocklehurst, Andrew"]
[Black "Lawrence, Spencer"]
[Result "1/2-1/2"]
[WhiteElo "1832"]
[BlackElo "1536"]
[PlyCount "30"]
[EventDate "2023.04.07"]
[EventRounds "7"]
[EventCountry "ENG"]

1. e4 c5 2. Nf3 d6 3. d4 cxd4 4. Nxd4 Nf6 5. Nc3 g6 6. Be2 Bg7 7. Be3 Nc6 8. Nxc6
bxc6 9. O-O O-O 10. h3 Be6 11. Qd2 d5 12. exd5 Nxd5 13. Nxd5 Qxd5 14. Qxd5 cxd5 15.
Bf3 Bxb2  1/2-1/2

[Event "3rd 4NCL Easter Congress"]
[Site "Mercure Daventry Court Hotel"]
[Date "2023.04.09"]
[Round "4"]
[Board "5"]
[White "Vaidyanathan, Adithya"]
[Black "Ganguly, Anshuman"]
[Result "0-1"]
[WhiteElo "1387"]
[BlackElo "1472"]
[PlyCount "122"]
[EventDate "2023.04.07"]
[EventRounds "7"]
[EventCountry "ENG"]

1. Nf3 c5 2. c3 g6 3. d4 Bg7 4. Bf4 Nf6 5. e3 cxd4 6. exd4 d6 7. Bd3 O-O 8. O-O Nc6
9. Re1 Re8 10. Na3 a6 11. Qd2 b5 12. Nc2 Bb7 13. Bh6 Na5 14. Bxg7 Kxg7 15. Be2 Nc4
16. Bxc4 bxc4 17. Qf4 Bxf3 18. Qxf3 Qb6 19. Rab1 Qa5 20. a3 d5 21. Re5 e6 22. Ne3
Qa4 23. Ng4 Nxg4 24. Qxg4 Rab8 25. Ree1 Qc2 26. Qe2 Qxe2 27. Rxe2 Rb3 28. Rc2 Reb8
29. Kf1 Rxa3 30. Ke2 Rab3 31. Kd2 a5 32. Kc1 a4 33. Ra1 Ra8 34. Kd2 a3 35. bxa3 Rbxa3
36. Rxa3 Rxa3 37. Ke3 Kf6 38. f4 Ra1 39. g4 Rd1 40. Ra2 Rd3+ 41. Kf2 Rxc3 42. Ra7
Rd3 43. g5+ Kg7 44. Ra2 Rxd4 45. Ra3 Rxf4+ 46. Kg3 Rd4 47. h4 Rd3+ 48. Rxd3 cxd3
49. Kf3 e5 50. Ke3 e4 51. Kd2 d4 52. Ke1 f6 53. Kd2 fxg5 54. hxg5 h5 55. gxh6+ Kxh6
56. Ke1 e3 57. Kd1 g5 58. Ke1 g4 59. Kd1 g3 60. Ke1 g2 61. Kd1 g1=R#  0-1

[Event "3rd 4NCL Easter Congress"]
[Site "Mercure Daventry Court Hotel"]
[Date "2023.04.09"]
[Round "4"]
[Board "6"]
[White "Siu, Kam Wa"]
[Black "Hall, James"]
[Result "1-0"]
[WhiteElo "1642"]
[BlackElo "1719"]
[PlyCount "92"]
[EventDate "2023.04.07"]
[EventRounds "7"]
[EventCountry "ENG"]

1. e4 e5 2. Nf3 Nc6 3. d4 exd4 4. Bc4 Nf6 5. O-O Nxe4 6. Re1 d5 7. Bxd5 Qxd5 8. Nc3
Qa5 9. Nxe4 Be6 10. Neg5 O-O-O 11. Nxe6 fxe6 12. Rxe6 Be7 13. Ne5 Nxe5 14. Rxe7 Rhe8
15. Bd2 Qd5 16. Rxg7 Rg8 17. Rg3 Rxg3 18. fxg3 d3 19. c3 Qc5+ 20. Kh1 Qd5 21. b3
Re8 22. Qh5 Qd7 23. Re1 Ng6 24. Rxe8+ Qxe8 25. Qf5+ Qd7 26. Qxd7+ Kxd7 27. Kg1 Ne5
28. h3 c5 29. c4 b5 30. cxb5 c4 31. Kf2 Kd6 32. Ke3 Kd5 33. g4 Nf7 34. Ba5 Nd6 35.
b6 axb6 36. Bxb6 Nb5 37. Ba5 Na3 38. Kd2 Ke4 39. Bb4 c3+ 40. Kxc3 Ke3 41. Kb2 Nb5
42. Kc1 Nd4 43. Kd1 Nc2 44. Bc3 Na3 45. b4 Nb1 46. Bb2 Nd2  1-0

[Event "3rd 4NCL Easter Congress"]
[Site "Mercure Daventry Court Hotel"]
[Date "2023.04.09"]
[Round "4"]
[Board "7"]
[White "Tart, Peter K"]
[Black "Chan, Michelle Ngo Yu"]
[Result "1-0"]
[WhiteElo "1856"]
[BlackElo "1586"]
[PlyCount "27"]
[EventDate "2023.04.07"]
[EventRounds "7"]
[EventCountry "ENG"]

1. e4 e5 2. Nf3 Nc6 3. d4 exd4 4. Bc4 Nf6 5. e5 Ne4 6. Bd5 Nc5 7. O-O Ne6 8. c3 dxc3
9. Nxc3 d6 10. Re1 Nxe5 11. Nd4 Nxd4 12. Qxd4 c5 13. Rxe5+ dxe5 14. Bxf7+  1-0